[Event "Lloyds Bank Masters 1st"]
[Site "London"]
[Date "1977.08.27"]
[Round "3.29"]
[White "Hodgson, Julian M"]
[Black "Lee, Martin A"]
[Result "1-0"]
[WhiteElo "2210"]
[BlackElo "2105"]
[PlyCount "87"]
[EventDate "1977.08.26"]
[EventType "swiss"]
[EventRounds "10"]
[EventCountry "ENG"]

1. e4 e6 2. d4 d5 3. e5 c5 4. c3 Nc6 5. Nf3 Qb6 6. a3 c4 7. Nbd2 Na5 8. g3 Bd7
9. h4 O-O-O 10. Bh3 Kb8 11. O-O h6 12. h5 Ne7 13. Re1 g6 14. Nh2 gxh5 15. Qxh5
Be8 16. Qf3 h5 17. Rb1 Bh6 18. Qf6 Ng6 19. b4 Nc6 20. Ndf3 Bxc1 21. Rexc1 Nce7
22. Ng5 Ng8 23. Qf3 Qc7 24. a4 Qe7 25. Qe3 Nh6 26. Ra1 Bd7 27. f4 Rdg8 28. Nhf3
Nf5 29. Bxf5 exf5 30. Qe1 h4 31. Nxh4 Rxh4 32. gxh4 Nxf4 33. Rc2 Rxg5+ 34. hxg5
Qxg5+ 35. Kf1 Nd3 36. Qe2 Qf4+ 37. Kg1 Qg3+ 38. Qg2 Qe3+ 39. Kh1 f4 40. Re2
Qh3+ 41. Qxh3 Bxh3 42. Rh2 Bf5 43. Rf1 f3 44. Kg1 1-0

[Event "Lloyds Bank Masters 1st"]
[Site "London"]
[Date "1977.08.27"]
[Round "3.31"]
[White "Sales, Keith D"]
[Black "Bellin, Robert"]
[Result "0-1"]
[WhiteElo "2160"]
[BlackElo "2400"]
[PlyCount "60"]
[EventDate "1977.08.26"]
[EventType "swiss"]
[EventRounds "10"]
[EventCountry "ENG"]

1. c4 f5 2. g3 Nf6 3. Bg2 e6 4. e3 Be7 5. Ne2 O-O 6. O-O a5 7. Nbc3 d6 8. Rb1
Nbd7 9. d4 c6 10. b3 e5 11. Bb2 Qe8 12. Qd2 Nh5 13. Rbe1 Bd8 14. d5 c5 15. f4
g5 16. e4 exf4 17. exf5 Ne5 18. Ne4 f3 19. Nxd6 fxg2 20. Nxe8 gxf1=Q+ 21. Rxf1
Rxe8 22. d6 Bf6 23. g4 Nxg4 24. Bxf6 Nhxf6 25. Qxg5+ Kf7 26. Ng3 Bd7 27. h3 Ne5
28. Kh2 Rg8 29. Qd2 Bc6 30. Qc3 Rxg3 0-1

[Event "Lloyds Bank Masters 1st"]
[Site "London"]
[Date "1977.08.27"]
[Round "3.32"]
[White "Henshaw, John C"]
[Black "Noyce, Terence Clifford"]
[Result "1/2-1/2"]
[WhiteElo "2170"]
[BlackElo "2210"]
[PlyCount "156"]
[EventDate "1977.08.26"]
[EventType "swiss"]
[EventRounds "10"]
[EventCountry "ENG"]

1. Nf3 Nf6 2. g3 e6 3. Bg2 d5 4. O-O c5 5. d3 Nc6 6. Nbd2 Be7 7. e4 Rb8 8. Re1
O-O 9. e5 Nd7 10. Nf1 b5 11. h4 Bb7 12. N1h2 Re8 13. Ng4 h5 14. Ngh2 g6 15. Bf4
Kg7 16. Bh3 Rh8 17. Ng5 Nf8 18. Nhf3 Bc8 19. Bg2 c4 20. d4 a5 21. Be3 Nh7 22.
Nh3 Nf8 23. Nf4 Bb7 24. Nh2 Bc8 25. Bf3 Rb7 26. Bxh5 Bxh4 27. Bg4 Be7 28. Nf3
Nh7 29. Kg2 Bd7 30. Rh1 Rb8 31. Qd2 Qc7 32. Rh3 Rbe8 33. Rah1 Qd8 34. R1h2 Bb4
35. c3 Be7 36. Qd1 Ng5 37. Nxg5 Bxg5 38. Qh1 Rxh3 39. Rxh3 Rh8 40. Rxh8 Qxh8
41. Qxh8+ Kxh8 42. Nxg6+ fxg6 43. Bxg5 Kg7 44. Bd2 a4 45. Bd1 Ne7 46. g4 Ng8
47. Bg5 Kf7 48. Bd8 Ke8 49. Bb6 Ne7 50. Bc5 Nc6 51. f4 Kf7 52. Kg3 Kg7 53. Kh4
Nd8 54. b3 axb3 55. axb3 Nf7 56. bxc4 bxc4 57. Bc2 Nh6 58. Be7 Nf7 59. Bd1 Nh6
60. Bf3 Bc6 61. Kg3 Bd7 62. Kf2 Ba4 63. Bg5 Nf7 64. Bf6+ Kg8 65. f5 gxf5 66.
gxf5 Bd7 67. fxe6 Bxe6 68. Be7 Nh6 69. Bd6 Kf7 70. Ke1 Kg6 71. Ba3 Nf5 72. Bc1
Ng3 73. Kd1 Kf5 74. Kc2 Ne4 75. Be3 Ng3 76. Kb2 Ne4 77. Bd1 Kg6 78. Ba4 Kf7 {
Source: John Henshaw via Brian Denman, 23 September 2020} 1/2-1/2

[Event "Lloyds Bank Masters 1st"]
[Site "London"]
[Date "1977.08.27"]
[Round "3.34"]
[White "Harding, Timothy David"]
[Black "Wills, Michael William"]
[Result "1-0"]
[WhiteElo "2250"]
[BlackElo "2225"]
[Annotator "Harding,T"]
[PlyCount "70"]
[EventDate "1977.08.26"]
[EventType "swiss"]
[EventRounds "10"]
[EventCountry "ENG"]
[SourceTitle "Tim Harding"]
[Source "Tim Harding"]
[SourceDate "2023.12.23"]
[SourceVersion "1"]
[SourceVersionDate "2023.12.23"]
[SourceQuality "1"]

1. c4 Nf6 2. Nc3 e5 3. Nf3 Nc6 4. e3 Bb4 5. Qc2 O-O 6. Nd5 Re8 7. Qf5 d6 8.
Nxf6+ Qxf6 9. Qxf6 gxf6 10. a3 Ba5 11. b4 Bb6 12. Bb2 a6 13. d3 f5 14. O-O-O f4
15. d4 fxe3 16. fxe3 exd4 17. exd4 Bg4 18. c5 Ba7 19. Bc4 Ne7 20. Rdf1 d5 21.
Ne5 Be6 22. Bd3 Ng6 23. Rf3 Nxe5 24. dxe5 a5 25. Rg3+ Kf8 26. Bxh7 Ke7 27. Bd3
Rg8 28. Rxg8 Rxg8 29. g3 c6 30. Re1 axb4 31. axb4 Rg4 32. Bc3 b6 33. cxb6 Bxb6
34. Kc2 c5 35. bxc5 Bxc5 {... Rest of score was indecipherable, but White won}
1-0

[Event "Lloyds Bank Masters 1st"]
[Site "London"]
[Date "1977.08.28"]
[Round "4.1"]
[White "Kinlay, Jonathan"]
[Black "Nunn, John DM"]
[Result "0-1"]
[WhiteElo "2275"]
[BlackElo "2410"]
[PlyCount "94"]
[EventDate "1977.08.26"]
[EventType "swiss"]
[EventRounds "10"]
[EventCountry "ENG"]

1. e4 g6 2. d4 Bg7 3. Nc3 d6 4. f4 Nf6 5. Nf3 O-O 6. Bd3 Na6 7. O-O c5 8. d5
Rb8 9. Qe2 Nb4 10. Bc4 e6 11. dxe6 Bxe6 12. Bxe6 fxe6 13. a3 Nc6 14. f5 gxf5
15. exf5 exf5 16. Qe6+ Kh8 17. Bf4 Nh5 18. Bg5 Bf6 19. Bh6 Nd4 20. Qd5 Rg8 21.
Rad1 Rg6 22. Be3 Nxc2 23. Bc1 Nd4 24. Nxd4 Bxd4+ 25. Rxd4 cxd4 26. Qxd4+ Qf6
27. Be3 Ng7 28. Qxf6 Rxf6 29. Bxa7 Re8 30. Bd4 Rf7 31. Nd5 Re4 32. Bc3 h6 33.
Rd1 Rc4 34. Ne3 Rc6 35. Rd5 f4 36. Ng4 Kh7 37. Nf6+ Kg6 38. Ne4 Nf5 39. Kf2 Ne3
40. Rxd6+ Rxd6 41. Nxd6 Rd7 42. Ne4 Nd1+ 43. Kf3 Nxc3 44. bxc3 Kf5 45. g4+ fxg3
46. Nxg3+ Ke5 47. Ke3 Rd1 {Source: The Chess Player 16 1977c} 0-1

[Event "Lloyds Bank Masters 1st"]
[Site "London"]
[Date "1977.08.28"]
[Round "4.2"]
[White "Quinteros, Miguel"]
[Black "Law, Andrew P"]
[Result "1-0"]
[WhiteElo "2555"]
[BlackElo "2400"]
[PlyCount "117"]
[EventDate "1977.08.26"]
[EventType "swiss"]
[EventRounds "10"]
[EventCountry "ENG"]

1. Nf3 Nf6 2. g3 d5 3. Bg2 c6 4. d3 Bf5 5. Nh4 Bd7 6. f4 Qc8 7. h3 d4 8. Nf3 c5
9. c3 Nc6 10. e4 dxe3 11. Bxe3 e6 12. O-O Be7 13. Nbd2 Qc7 14. Bf2 Rd8 15. Qe2
O-O 16. Nc4 Bc8 17. Nce5 Nxe5 18. fxe5 Nd5 19. a3 b5 20. c4 bxc4 21. dxc4 Nb6
22. Be3 Bb7 23. Bf4 Nd7 24. Rad1 Nb8 25. Bd2 Nc6 26. Kh2 Rd7 27. Bc3 Rfd8 28.
Rxd7 Rxd7 29. Rd1 h6 30. Rxd7 Qxd7 31. Qd2 Nb8 32. Qxd7 Nxd7 33. Nd2 Bxg2 34.
Kxg2 Kf8 35. Kf3 Ke8 36. b4 Nb6 37. Ke2 Na4 38. Kd3 Nxc3 39. Kxc3 cxb4+ 40.
axb4 Kd7 41. b5 f5 42. Nb3 g5 43. g4 Bd8 44. Kd4 Bc7 45. c5 Ke7 46. Nd2 Bb8 47.
Nc4 Kd7 48. Ne3 f4 49. Nf1 Bc7 50. Nd2 Bb8 51. Nf3 Bc7 52. h4 Bd8 53. hxg5 hxg5
54. Ke4 Be7 55. c6+ Kc7 56. Nd4 a5 57. bxa6 Kb6 58. Nxe6 Kxa6 59. Nc7+ 1-0

[Event "Lloyds Bank Masters 1st"]
[Site "London"]
[Date "1977.08.28"]
[Round "4.3"]
[White "Hartston, William Roland"]
[Black "Basman, Michael John"]
[Result "1-0"]
[WhiteElo "2475"]
[BlackElo "2390"]
[Annotator "Hartston, William"]
[PlyCount "75"]
[EventDate "1977.08.26"]
[EventType "swiss"]
[EventRounds "10"]
[EventCountry "ENG"]

1. d4 c6 2. Nf3 d5 3. c4 dxc4 4. e3 Be6 $6 {Typical Basman - I decided now to
forget about regaining the pawn.} ({4 e3 is better but} 4... Nf6 {may not be
so bad.}) 5. Nc3 Qa5 6. Bd2 Nd7 7. Be2 Ngf6 8. O-O h6 9. e4 Qc7 10. Rc1 Rc8 11.
b3 $5 cxb3 12. axb3 (12. d5 $1 {is better, but after} b2 $1 13. dxe6 bxc1=Q 14.
exd7+ {Black has R+2Ps for two pieces and I wanted more.}) 12... Qb8 13. d5 $6
(13. h3 $5) 13... Bg4 $1 (13... cxd5 14. exd5 Nxd5 15. Nxd5 Bxd5 16. Bf4 $1 {
gives a winning attack.}) 14. g3 $5 g5 {Stopping Bf4.} 15. Nd4 Bh3 16. Re1 Ne5
{Maybe =/+ already - White has not enough for a pawn.} 17. f4 gxf4 18. Bxf4 Rg8
19. Qd2 h5 $6 (19... Bg7 {or even 19...e6 might be better.}) 20. Nf3 Nfg4 21.
Nxe5 (21. Ng5 $5 Rxg5 22. Bxg5 b5 $13) 21... Nxe5 22. Bxh5 Bg7 23. Kh1 Bf6 24.
Qe2 Qd6 ({I expected} 24... Rh8 {when perhaps} 25. g4 {is good.}) 25. Bxf7+ {
Winning a pawn - but in dangerous circumstances.} Kxf7 26. Qh5+ Rg6 27. Qxh3
Rh8 28. Qf5 Nf3 $1 29. Re2 (29. Bxd6 $2 Rxh2#) 29... Qa3 $2 (29... Qc5 $1 {
is very dangerous:} 30. e5 Nd4 31. Qe4 Nxe2 32. Qxe2 {with about equal chances
is probably best.}) 30. Rf2 $1 Rxg3 {The point of Black's play - but it loses!}
31. Rcf1 $1 {Avoiding the threat of Qxc1+ and Rg1 mate.} Nd4 32. Qd7 {Suddenly
White's attack is winning.} Rxc3 33. Be5 $1 Rf3 34. Bxf6 Kxf6 35. Rxf3+ Nxf3
36. Qf5+ $1 (36. Rxf3+ $2 Ke5 {is not so clear.}) 36... Kg7 37. Qxf3 Qd6 38.
Rg1+ {Source: Hartston's notes in the bulletin; CHESS, October 1977, Vol.43
Nos.779-780, p17} 1-0

[Event "Lloyds Bank Masters 1st"]
[Site "London"]
[Date "1977.08.28"]
[Round "4.4"]
[White "Rumens, David E"]
[Black "Torre, Eugenio"]
[Result "0-1"]
[WhiteElo "2270"]
[BlackElo "2550"]
[PlyCount "114"]
[EventDate "1977.08.26"]
[EventType "swiss"]
[EventRounds "10"]
[EventCountry "ENG"]

1. e4 c5 2. Nc3 e6 3. Bc4 a6 4. d3 b5 5. Bb3 Nc6 6. Nf3 d6 7. O-O Be7 8. Qe2
Nf6 9. a4 b4 10. Nb1 O-O 11. c3 Rb8 12. Nbd2 Nd7 13. d4 bxc3 14. bxc3 cxd4 15.
cxd4 Bf6 16. Ba3 Nxd4 17. Nxd4 Bxd4 18. Bxd6 Bxa1 19. Rxa1 Qb6 20. Bxb8 Qxb8
21. Rb1 Qc7 22. Qc4 Qa5 23. Nf3 Bb7 24. Bc2 Rc8 25. Qd4 Qc7 26. h3 Qxc2 27.
Rxb7 Qc1+ 28. Kh2 Nc5 29. Rb4 Qf4+ 30. g3 Qxf3 31. Qxc5 Rf8 32. e5 g5 33. Rb6
a5 34. Qe3 Qxe3 35. fxe3 Rd8 36. Rb5 Rd3 37. Rxa5 Rxe3 38. g4 Kg7 39. Rc5 Re4
40. a5 Ra4 41. Kg3 Ra3+ 42. Kg2 Kg6 43. Rb5 h5 44. Rc5 Ra2+ 45. Kf3 h4 46. Rb5
Rh2 47. Ke4 Rxh3 48. Kd4 Ra3 49. Kc5 h3 50. Kd6 h2 51. Rb1 Rxa5 52. Rh1 Ra2 53.
Ke7 Kg7 54. Rf1 Ra7+ 55. Ke8 Rb7 56. Rh1 Rb8+ 57. Ke7 Rh8 0-1

[Event "Lloyds Bank Masters 1st"]
[Site "London"]
[Date "1977.08.28"]
[Round "4.5"]
[White "Vranesic, Zvonko"]
[Black "Formanek, Edward W"]
[Result "0-1"]
[WhiteElo "2400"]
[BlackElo "2410"]
[PlyCount "104"]
[EventDate "1977.08.26"]
[EventType "swiss"]
[EventRounds "10"]
[EventCountry "ENG"]

1. d4 g6 2. c4 f5 3. Nc3 Nf6 4. g3 Bg7 5. Bg2 O-O 6. Nh3 d6 7. d5 Na6 8. O-O
Nc5 9. Be3 e5 10. dxe6 Nxe6 11. Ng5 Ng4 12. Nxe6 Nxe3 13. Nxd8 Nxd1 14. Nxb7
Nxc3 15. bxc3 Rb8 16. Rab1 Bxc3 17. Rfc1 Bd4 18. Bd5+ Kg7 19. e3 Bb6 20. Na5
Bd7 21. Nc6 Rbe8 22. h4 h6 23. Kg2 g5 24. hxg5 hxg5 25. Kf3 Rh8 26. Rh1 Kf6 27.
Rxh8 Rxh8 28. Ke2 f4 29. gxf4 gxf4 30. Rg1 Rh2 31. Rg2 Rh3 32. Rg8 Bxc6 33.
Bxc6 fxe3 34. fxe3 Rxe3+ 35. Kd1 Ra3 36. Rg2 Be3 37. Rb2 Rc3 38. Bd5 Ke5 39.
Rb3 Rc1+ 40. Ke2 Bd4 41. Rd3 Bc3 42. Re3+ Kd4 43. Re4+ Kc5 44. Kd3 c6 45. Bf7
Be5 46. Re2 Kb4 47. Rc2 Rf1 48. Be6 a5 49. Bd7 Kc5 50. Rd2 Rf3+ 51. Ke2 Rf7 52.
Be6 Re7 0-1

[Event "Lloyds Bank Masters 1st"]
[Site "London"]
[Date "1977.08.28"]
[Round "4.6"]
[White "Birnboim, Nathan"]
[Black "Wicker, Kevin J"]
[Result "1-0"]
[WhiteElo "2440"]
[BlackElo "2310"]
[PlyCount "65"]
[EventDate "1977.08.26"]
[EventType "swiss"]
[EventRounds "10"]
[EventCountry "ENG"]

1. d4 g6 2. g3 Bg7 3. Bg2 d6 4. Nf3 Nd7 5. O-O e5 6. c4 Ne7 7. Nc3 O-O 8. Rb1
exd4 9. Nxd4 Ne5 10. b3 c5 11. Ndb5 Nf5 12. Ne4 Nd4 13. Nexd6 Bg4 14. f3 a6 15.
Nxd4 Qxd6 16. Nc2 Qxd1 17. Rxd1 Be6 18. Ba3 Nd7 19. f4 Rab8 20. Bb2 b5 21. Bxg7
Kxg7 22. Ne3 Nf6 23. Rbc1 bxc4 24. Nxc4 Bxc4 25. Rxc4 Rfd8 26. Rxd8 Rxd8 27.
Bf3 Rd2 28. Ra4 Rd6 29. Ra5 Nd7 30. Kf2 Rb6 31. Bd5 Rd6 32. Bc4 Nb6 33. Bxa6
1-0

[Event "Lloyds Bank Masters 1st"]
[Site "London"]
[Date "1977.08.28"]
[Round "4.7"]
[White "Bennett, Terry B"]
[Black "Franklin, Michael J"]
[Result "0-1"]
[WhiteElo "2265"]
[BlackElo "2300"]
[PlyCount "86"]
[EventDate "1977.08.26"]
[EventType "swiss"]
[EventRounds "10"]
[EventCountry "ENG"]

1. d4 Nf6 2. Bg5 c5 3. Bxf6 gxf6 4. d5 Qb6 5. Qc1 d6 6. Nd2 Bh6 7. e3 Bf5 8.
Ne2 Na6 9. Ng3 Bg4 10. h3 Bd7 11. c3 O-O-O 12. Bd3 Rdg8 13. Qc2 Rg7 14. Nf5
Bxf5 15. Bxf5+ Kb8 16. g3 Nc7 17. c4 e6 18. Be4 f5 19. Bf3 Bg5 20. O-O-O Bf6
21. g4 Be5 22. Nb1 f4 23. dxe6 fxe6 24. Rd3 d5 25. Rb3 Qa6 26. Rd1 Rf7 27. cxd5
exd5 28. Bxd5 Nxd5 29. Rxd5 fxe3 30. fxe3 Rf1+ 31. Rd1 Rd8 32. Nd2 Rxd1+ 33.
Qxd1 c4 34. Ra3 Qd6 35. Qc2 c3 36. Rxc3 Bxc3 37. bxc3 Qd3 38. e4 Qxh3 39. e5
Qe3 40. e6 Qe1+ 41. Qd1 Qxe6 42. a4 Qe3 43. Qc2 Rd3 0-1

[Event "Lloyds Bank Masters 1st"]
[Site "London"]
[Date "1977.08.28"]
[Round "4.8"]
[White "Pritchett, Craig William"]
[Black "Cooper, John G"]
[Result "1-0"]
[WhiteElo "2425"]
[BlackElo "2320"]
[PlyCount "81"]
[EventDate "1977.08.26"]
[EventType "swiss"]
[EventRounds "10"]
[EventCountry "ENG"]

1. e4 e5 2. Nf3 Nc6 3. Bb5 a6 4. Ba4 Nf6 5. O-O Be7 6. Re1 b5 7. Bb3 d6 8. c3
O-O 9. h3 Nb8 10. d4 Nbd7 11. Nbd2 Bb7 12. Bc2 Re8 13. Nf1 Bf8 14. Ng3 g6 15.
a4 Bg7 16. Bg5 h6 17. Bd2 d5 18. dxe5 Nxe4 19. Nxe4 dxe4 20. Bxe4 Bxe4 21. Rxe4
Nxe5 22. Nxe5 Bxe5 23. Qe2 Qd5 24. Bf4 f6 25. Bxe5 Rad8 26. axb5 axb5 27. Re1
Rxe5 28. Rxe5 fxe5 29. Qxe5 Qxe5 30. Rxe5 Rd1+ 31. Kh2 c6 32. Re6 Kf7 33. Rxc6
Rd2 34. b4 Rxf2 35. Rc5 Rc2 36. Kg3 g5 37. h4 Kg6 38. hxg5 hxg5 39. Kf3 Kf6 40.
g3 Rc1 41. Kg4 1-0

[Event "Lloyds Bank Masters 1st"]
[Site "London"]
[Date "1977.08.28"]
[Round "4.9"]
[White "Speelman, Jonathan S"]
[Black "Nicholson, John G"]
[Result "1-0"]
[WhiteElo "2395"]
[BlackElo "2320"]
[PlyCount "67"]
[EventDate "1977.08.26"]
[EventType "swiss"]
[EventRounds "10"]
[EventCountry "ENG"]

1. e4 c5 2. Nf3 e6 3. d4 cxd4 4. Nxd4 Nf6 5. Nc3 d6 6. g4 a6 7. g5 Nfd7 8. Be3
b5 9. a3 Nb6 10. f4 N8d7 11. h4 g6 12. h5 Rg8 13. hxg6 hxg6 14. Rh7 Nc5 15. Qf3
Bb7 16. Qf2 Qe7 17. f5 exf5 18. exf5 O-O-O 19. O-O-O Qe8 20. Re1 Nbd7 21. Ndxb5
Ne5 22. Nd4 Kb8 23. Kb1 gxf5 24. Nxf5 Rc8 25. Rh4 Nf3 26. Re2 Qd7 27. Nh6 Bxh6
28. Rxh6 Nxg5 29. Rxd6 Qc7 30. Bf4 Nge4 31. Nxe4 Nxe4 32. Rxe4 Bxe4 33. Rd7
Bxc2+ 34. Ka1 1-0

[Event "Lloyds Bank Masters 1st"]
[Site "London"]
[Date "1977.08.28"]
[Round "4.10"]
[White "Rayner, Emmanuel"]
[Black "Webb, Simon"]
[Result "1/2-1/2"]
[WhiteElo "2335"]
[BlackElo "2430"]
[PlyCount "36"]
[EventDate "1977.08.26"]
[EventType "swiss"]
[EventRounds "10"]
[EventCountry "ENG"]

1. g3 g6 2. Bg2 Bg7 3. c4 c5 4. Nc3 Nc6 5. a3 a5 6. d3 d6 7. Nf3 Nf6 8. O-O O-O
9. Rb1 Bd7 10. Bd2 Ne8 11. Ne1 Nc7 12. Nc2 Rb8 13. b4 axb4 14. axb4 Nxb4 15.
Nxb4 cxb4 16. Rxb4 b5 17. Nxb5 Nxb5 18. cxb5 Rxb5 1/2-1/2

[Event "Lloyds Bank Masters 1st"]
[Site "London"]
[Date "1977.08.28"]
[Round "4.11"]
[White "Large, Peter G"]
[Black "Spivack, Simon"]
[Result "1-0"]
[WhiteElo "2280"]
[BlackElo "2090"]
[PlyCount "61"]
[EventDate "1977.08.26"]
[EventType "swiss"]
[EventRounds "10"]
[EventCountry "ENG"]

1. d4 Nf6 2. Nf3 g6 3. c4 Bg7 4. Nc3 O-O 5. e4 d6 6. Be2 e5 7. O-O Nc6 8. Be3
Re8 9. dxe5 dxe5 10. Qxd8 Nxd8 11. Nb5 Ne6 12. Ng5 Re7 13. Rfd1 b6 14. c5 Nxc5
15. Rd8+ Re8 16. Rxe8+ Nxe8 17. Bxc5 bxc5 18. Bc4 c6 19. Bxf7+ Kf8 20. Bxe8
cxb5 21. Bc6 Rb8 22. Nxh7+ Ke7 23. Ng5 Bf6 24. Nf3 Be6 25. Rd1 Bxa2 26. Rd7+
Kf8 27. Rxa7 Bc4 28. g4 b4 29. g5 Bg7 30. Nh4 Bf7 31. Bd5 1-0

[Event "Lloyds Bank Masters 1st"]
[Site "London"]
[Date "1977.08.28"]
[Round "4.12"]
[White "Bulford, Michael J"]
[Black "Crouch, Colin S"]
[Result "0-1"]
[WhiteElo "2170"]
[BlackElo "2300"]
[PlyCount "56"]
[EventDate "1977.08.26"]
[EventType "swiss"]
[EventRounds "10"]
[EventCountry "ENG"]

1. d4 Nf6 2. c4 e5 3. dxe5 Ng4 4. e4 Nxe5 5. f4 Nec6 6. Be3 Bb4+ 7. Kf2 Qf6 8.
e5 Nxe5 9. a3 Qh4+ 10. g3 Ng4+ 11. Qxg4 Qxg4 12. axb4 Qd1 13. Be2 Qb3 14. Nf3
O-O 15. Nbd2 Qxb4 16. Ne5 Nc6 17. Nd3 Qe7 18. Rhc1 Re8 19. Nf1 d6 20. Bf3 Bh3
21. Re1 Bxf1 22. Kxf1 Qxe3 23. Rxe3 Rxe3 24. Bxc6 bxc6 25. Nb4 Rb3 26. Nxc6
Rxb2 27. Nxa7 Rb7 28. Re1 Rbxa7 0-1

[Event "Lloyds Bank Masters 1st"]
[Site "London"]
[Date "1977.08.28"]
[Round "4.13"]
[White "Patterson, Nicholas J"]
[Black "Perkins, Alan H"]
[Result "0-1"]
[WhiteElo "2340"]
[BlackElo "2305"]
[PlyCount "56"]
[EventDate "1977.08.26"]
[EventType "swiss"]
[EventRounds "10"]
[EventCountry "ENG"]

1. d4 Nf6 2. c4 e6 3. Nc3 Bb4 4. f3 c5 5. d5 exd5 6. cxd5 d6 7. e4 O-O 8. Bd3
a6 9. Nge2 Nbd7 10. O-O Re8 11. Kh1 Ne5 12. Bc2 Ba5 13. b3 Bd7 14. Bb2 b5 15.
f4 Neg4 16. e5 dxe5 17. fxe5 Rxe5 18. Qd3 b4 19. h3 Re3 20. Qd2 Qe7 21. Ne4
Nxe4 22. Bxe4 Qxe4 23. Rae1 Rxh3+ 24. Kg1 Qe3+ 25. Qxe3 Rxe3 26. Bc1 Re4 27.
Ng3 Rxe1 28. Rxe1 Re8 0-1

[Event "Lloyds Bank Masters 1st"]
[Site "London"]
[Date "1977.08.28"]
[Round "4.14"]
[White "James, Geoffrey H"]
[Black "Fuller, Maxwell L"]
[Result "1/2-1/2"]
[WhiteElo "2230"]
[BlackElo "2365"]
[PlyCount "54"]
[EventDate "1977.08.26"]
[EventType "swiss"]
[EventRounds "10"]
[EventCountry "ENG"]

1. b3 c5 2. Bb2 Nc6 3. f4 d5 4. e3 d4 5. Bb5 dxe3 6. Bxc6+ bxc6 7. dxe3 Qxd1+
8. Kxd1 Nf6 9. Nd2 g6 10. Ngf3 Bg7 11. e4 O-O 12. Ke2 Bg4 13. Bxf6 Bxf6 14. e5
Bg7 15. h3 Be6 16. c4 f6 17. Ne4 fxe5 18. fxe5 Rxf3 19. Kxf3 Rf8+ 20. Ke3 Rf5
21. g4 Rxe5 22. Rae1 h5 23. Kf4 hxg4 24. hxg4 Bc8 25. Rhg1 Kf8 26. Rd1 Ke8 27.
Rge1 a5 {Source: GH James via Brian Denman, 23 September 2020} 1/2-1/2

[Event "Lloyds Bank Masters 1st"]
[Site "London"]
[Date "1977.08.28"]
[Round "4.16"]
[White "Bellin, Robert"]
[Black "Hanreck, Alan E"]
[Result "1-0"]
[WhiteElo "2400"]
[BlackElo "2270"]
[PlyCount "37"]
[EventDate "1977.08.26"]
[EventType "swiss"]
[EventRounds "10"]
[EventCountry "ENG"]

1. d4 e6 2. Nf3 c5 3. e4 cxd4 4. Nxd4 a6 5. Nc3 Qc7 6. Bd3 Nc6 7. Be3 b5 8. O-O
Bb7 9. Re1 Nf6 10. Nxc6 Qxc6 11. Bd4 d6 12. a4 bxa4 13. Bxf6 gxf6 14. Rxa4 Be7
15. Qe2 Qb6 16. Rea1 O-O 17. Nd5 Qd8 18. Qh5 Kh8 19. Nxf6 1-0

[Event "Lloyds Bank Masters 1st"]
[Site "London"]
[Date "1977.08.28"]
[Round "4.19"]
[White "Povah, Nigel Edward"]
[Black "Baker, Chris W"]
[Result "1/2-1/2"]
[WhiteElo "2320"]
[BlackElo "2175"]
[PlyCount "64"]
[EventDate "1977.08.26"]
[EventType "swiss"]
[EventRounds "10"]
[EventCountry "ENG"]

1. e4 c5 2. Nf3 Nc6 3. d4 cxd4 4. Nxd4 g6 5. Nc3 Bg7 6. Be3 Nf6 7. Bc4 Qa5 8. O-O O-O 9. Bb3 d6 10. h3 Bd7 11. Re1 Rac8 12. Qd3 Ne5 13. Qe2 b5 14. a4 Rxc3 15. bxc3 bxa4 16. f4 Qxc3 17. Bxa4 Nc4 18. Bf2 Nh5 19. Qd3 Qxd3 20. cxd3 Bxa4 21. dxc4 Be8 22. Rxa7 Nxf4 23. Rxe7 Bf6 24. Ra7 Nd3 25. Rd1 Nb2 26. Rb1 Nxc4 27. Rb8 Bg7 28. Re7 Bxd4 29. Bxd4 Bc6 30. Rxf8+ Kxf8 31. Rc7 Bb5 32. Bf6 Nd2 {... drawn on move 59. Source: Knightmare (Streatham & Brixton Club Magazine) No.2. Contributed by Andy Ansel, 26 August 2024.} 1/2-1/2

[Event "Lloyds Bank Masters 1st"]
[Site "London"]
[Date "1977.08.28"]
[Round "4.20"]
[White "Pein, Malcolm"]
[Black "Hodgson, Julian M"]
[Result "0-1"]
[WhiteElo "2105"]
[BlackElo "2210"]
[PlyCount "62"]
[EventDate "1977.08.26"]
[EventType "swiss"]
[EventRounds "10"]
[EventCountry "ENG"]

1. c4 e6 2. g3 d5 3. Bg2 c5 4. Nf3 Nc6 5. O-O Nf6 6. b3 Be7 7. Bb2 d4 8. d3 O-O
9. Nbd2 e5 10. b4 cxb4 11. a3 bxa3 12. Bxa3 Bxa3 13. Rxa3 Qe7 14. Qb3 Nd7 15.
Rfa1 f5 16. Qb2 Nc5 17. Nb3 Nxb3 18. Rxb3 Rf6 19. Nd2 Qe8 20. c5 Rh6 21. Nc4
Qh5 22. h4 g5 23. hxg5 Qxg5 24. Nd6 f4 25. Qc1 Qh5 26. Nxc8 Rxc8 27. Qc4+ Kh8
28. Rxb7 fxg3 29. Qf7 gxf2+ 30. Qxf2 Rg8 31. Kf1 Qh1+ 0-1

[Event "Lloyds Bank Masters 1st"]
[Site "London"]
[Date "1977.08.28"]
[Round "4.22"]
[White "King, Daniel J"]
[Black "Caldwell, Susan Linda"]
[Result "1-0"]
[WhiteElo "2105"]
[BlackElo "2080"]
[PlyCount "55"]
[EventDate "1977.08.26"]
[EventType "swiss"]
[EventRounds "10"]
[EventCountry "ENG"]

1. e4 c5 2. Nf3 Nc6 3. Bb5 d6 4. O-O Bd7 5. c3 g6 6. d4 cxd4 7. cxd4 Bg7 8. h3
Qb6 9. Nc3 a6 10. Nd5 Qd8 11. Bc4 e6 12. Nc3 Rc8 13. Bb3 Na5 14. Bf4 Qc7 15.
Rc1 Qb8 16. a3 Nxb3 17. Qxb3 Ne7 18. Rfd1 e5 19. dxe5 dxe5 20. Ng5 Rf8 21. Be3
f6 22. Ne6 Bxe6 23. Qxe6 Rc6 24. Qd7+ Kf7 25. Nd5 Re8 26. Rxc6 bxc6 27. Nc7 Rg8
28. Qe6+ 1-0

[Event "Lloyds Bank Masters 1st"]
[Site "London"]
[Date "1977.08.28"]
[Round "4.23"]
[White "Martin, Andrew D"]
[Black "Henshaw, John C"]
[Result "1/2-1/2"]
[WhiteElo "2330"]
[BlackElo "2170"]
[PlyCount "31"]
[EventDate "1977.08.26"]
[EventType "swiss"]
[EventRounds "10"]
[EventCountry "ENG"]

1. e4 c5 2. Nc3 Nc6 3. f4 g6 4. Nf3 Bg7 5. Bc4 e6 6. f5 Nge7 7. fxe6 fxe6 8. d3
d5 9. exd5 exd5 10. Bb3 O-O 11. Bg5 Be6 12. Qe2 Qd7 13. O-O Rae8 14. Rae1 Bf7
15. Qf2 b6 16. Qh4 {Source: John Henshaw via Brian Denman, 23 September 2020}
1/2-1/2

[Event "Lloyds Bank Masters 1st"]
[Site "London"]
[Date "1977.08.28"]
[Round "4.24"]
[White "Emerson, Roger"]
[Black "Lambert, Glenn EJ"]
[Result "1/2-1/2"]
[WhiteElo "2225"]
[BlackElo "2420"]
[PlyCount "85"]
[EventDate "1977.08.26"]
[EventType "swiss"]
[EventRounds "10"]
[EventCountry "ENG"]
[SourceTitle "Roger Emerson"]
[Source "BritBase"]
[SourceDate "2020.09.21"]
[SourceVersion "1"]
[SourceVersionDate "2020.09.21"]
[SourceQuality "1"]

1. e4 d6 2. d4 Nf6 3. Nc3 g6 4. f4 Bg7 5. Nf3 O-O 6. Be3 Nc6 7. h3 e5 8. dxe5
dxe5 9. Qxd8 Rxd8 10. fxe5 Nd7 11. Nd5 Ndxe5 12. Nxc7 Nxf3+ 13. gxf3 Bxb2 14.
Rb1 Bc3+ 15. Kf2 Rb8 16. Bb5 Be5 17. Nd5 Bd7 18. Bg5 Re8 19. Nf6+ Bxf6 20. Bxf6
Re6 21. e5 Ree8 22. f4 Bf5 23. Ba4 Rec8 24. h4 h5 25. Rhd1 Na5 26. Rd2 a6 27.
Rbd1 Nc4 28. Rd4 Nb2 29. R1d2 Nxa4 30. Rxa4 Bxc2 31. Rad4 Bf5 32. Rd6 Kf8 33.
R2d4 Ra8 34. a4 b5 35. Ke1 Kg8 36. axb5 axb5 37. Rd8+ Rxd8 38. Rxd8+ Rxd8 39.
Bxd8 Kf8 40. Kd2 Ke8 41. Bg5 b4 42. Kc1 Kd7 43. Kb2 {Source: Roger Emerson}
1/2-1/2